000 00343nam a2200133Ia 4500
008 240624s9999 xx 000 0 und d
041 _aeng
082 _a330 FRA
100 _aFRANK ROBERT H
245 _aECONOMIC NATURALIST IN SEARCH OF EXPLANA
260 _c2007
_aNew York
_bBasic Books
300 _axi, : 226 : p. : cm. ; 19
365 _c
999 _c28831
_d28831